| 000 | 00368nam a2200145Ia 4500 | ||
|---|---|---|---|
| 008 | 150201s2011 xx 000 0 und d | ||
| 082 |
_a610 _bC2011C |
||
| 100 | _aCHUGH,SN | ||
| 245 | _aTEXT BOOK OF CLIINICAL MEDICINE FOR DENTAL STUDENTS | ||
| 250 | _a1ST | ||
| 260 |
_bARYA PUBLICATION _aDELHI _c2011 |
||
| 300 | _a1-640 | ||
| 650 | _aMEDICINE | ||
| 942 |
_2ddc _cBK _066 |
||
| 999 |
_c4581 _d4581 |
||